Science Quiz

Random Science or Clickable Quiz
Score 0/35 Timer 04:00
1 Play Today
% Correct
femur
93.5%
fibula
93.2%
humerus
92.3%
tibia
89.2%
patella
89%
clavicle
87.8%
ulna
87.4%
radius
86.7%
scapula
85.6%
malleus
73%
calcaneus
71%
ilium
70.9%
stapes
70.1%
trapezoid
68.9%
trapezium
68.2%
incus
67.7%
talus
65.9%
cuboid
65.7%
% Correct
ischium
65.4%
scaphoid
65.4%
lunate
64.5%
hamate
63.8%
lacrimal
63.4%
parietal
61.3%
capitate
59.5%
zygomatic
59.4%
navicular
59.2%
pisiform
59.2%
temporal
58.1%
palatine
53.5%
triquetrum
53.3%
inferior nasal conchae
52.4%
maxilla
49.8%
pubis
45.7%
nasal
44.9%
Remove Ads.
Support Sporcle.
Get the best of Sporcle when you Go Orange. This ad-free experience offers more features, more stats, and more fun while also helping to support Sporcle. Thank you for becoming a member.

You're not logged in!

Compare scores with friends on all Sporcle quizzes.
OR
Log In

Sporcle TV

Today on Sporcle TV


Watch our educational content, quiz creation guides, and fun videos on Sporcle TV.

Show Comments

Extras

Top Quizzes Today


Score Distribution

Paid Content

Your Account Isn't Verified!

In order to create a playlist on Sporcle, you need to verify the email address you used during registration. Go to your Sporcle Settings to finish the process.

Report this User

Report this user for behavior that violates our Community Guidelines.

Details: